Ethics in Public Adminsitration: (Record no. 84161)
[ view plain ]
| 000 -LEADER | |
|---|---|
| fixed length control field | 00745nam a22002057a 4500 |
| 005 - DATE AND TIME OF LATEST TRANSACTION | |
| control field | 20140509181803.0 |
| 010 ## - LCCN (DPL NO) | |
| LC control number | B-529801 |
| 020 ## - INTERNATIONAL STANDARD BOOK NUMBER | |
| Terms of availability | 575.00 |
| 035 ## - SYSTEM CONTROL NUMBER | |
| System control number | B-529801 |
| 037 ## - SOURCE OF ACQUISITION | |
| Source of stock number/acquisition | UBH |
| 082 ## - DEWEY DECIMAL CLASSIFICATION NUMBER | |
| Classification number | 350 |
| 100 ## - MAIN ENTRY--PERSONAL NAME | |
| Personal name | Sheeran, Patrick J. |
| 245 ## - TITLE STATEMENT | |
| Title | Ethics in Public Adminsitration: |
| Statement of responsibility, etc | by Patrick J. Sheeran |
| Remainder of title | a philosophical approach / |
| 260 ## - PUBLICATION, DISTRIBUTION, ETC. (IMPRINT) | |
| Place of publication, distribution, etc | Jaipur |
| Name of publisher, distributor, etc | Rawat Publications |
| Date of publication, distribution, etc | 2006 |
| 270 ## - ADDRESS | |
| Address | Satyam Apts, Sector 3, Jawahar Nagar |
| City | Jaipur |
| Postal code | 302004 |
| 300 ## - PHYSICAL DESCRIPTION | |
| Extent | 166p |
| Dimensions | 26cm(hb) |
| 500 ## - GENERAL NOTE | |
| General note | includes Index |
| 942 ## - ADDED ENTRY ELEMENTS (KOHA) | |
| Source of classification or shelving scheme | Dewey Decimal Classification |
| Item type | English Books |
| Classification part | 350 |
| Call number suffix | SHE |
| Withdrawn status | Lost status | Not for loan | Collection code | Home library | Current library | Date acquired | Source of acquisition | Cost, normal purchase price | Full call number | Barcode | Copy number | Cost, replacement price | Koha item type |
|---|---|---|---|---|---|---|---|---|---|---|---|---|---|
| Non-fiction | Sarojini Nagar | Sarojini Nagar | 09/05/2014 | UBH/251/13.2.14/DPL/ZLS/RP/2013-14/4/515/5.2.14/21.2.14 | 575.00 | 350 SHE | B-529801 | 1 | 575.00 | English Books |
